LEADER 01044nam 2200385 450 001 9910407756703321 005 20221008140740.0 010 $a1-78984-901-2 035 $a(CKB)4100000011325240 035 $a(NjHacI)994100000011325240 035 $a(EXLCZ)994100000011325240 100 $a20221008d2019 uy 0 101 0 $aeng 135 $aur||||||||||| 181 $ctxt$2rdacontent 182 $cc$2rdamedia 183 $acr$2rdacarrier 200 00$aChronobiology $eThe Science of Biological Time Structure /$fedited by Pavol Svorc 210 1$aLondon :$cIntechOpen,$d2019. 210 4$dİ2019 215 $a1 online resource (xii, 108 pages) 311 $a1-78984-900-4 517 $aChronobiology 606 $aNeurosciences 606 $aChronobiology 615 0$aNeurosciences. 615 0$aChronobiology. 676 $a612.8 702 $aSvorc$b Pavol 801 0$bNjHacI 801 1$bNjHacl 906 $aBOOK 912 $a9910407756703321 996 $aChronobiology$92954175 997 $aUNINA